Problems and solutions in organometallic chemistry / (Record no. 160042)

MARC details
000 -LEADER
fixed length control field 00723cam a2200229 a 4500
008 - FIXED-LENGTH DATA ELEMENTS--GENERAL INFORMATION
fixed length control field
020 ## - INTERNATIONAL STANDARD BOOK NUMBER
International Standard Book Number 0198557205 (pbk.)
049 ## - LOCAL HOLDINGS (OCLC)
Holding library MAIN
090 ## - LOCALLY ASSIGNED LC-TYPE CALL NUMBER (OCLC); LOCAL CALL NUMBER (RLIN)
Classification number (OCLC) (R) ; Classification number, CALL (RLIN) (NR) QD411
Local cutter number (OCLC) ; Book number/undivided call number, CALL (RLIN) KEG
003 - CONTROL NUMBER IDENTIFIER
control field
005 - DATE AND TIME OF LATEST TRANSACTION
control field 20230123134111.0
040 ## - CATALOGING SOURCE
Transcribing agency NUST
100 1# - MAIN ENTRY--PERSONAL NAME
Personal name Kegley, Susan E.
245 10 - TITLE STATEMENT
Title Problems and solutions in organometallic chemistry /
Statement of responsibility, etc. Susan E. Kegley, Allan R. Pinhas.
260 ## - PUBLICATION, DISTRIBUTION, ETC.
Place of publication, distribution, etc. Mill Valley, Calif. :
Name of publisher, distributor, etc. University Science,
Date of publication, distribution, etc. [1987?]
300 ## - PHYSICAL DESCRIPTION
Extent xii, 323 p. :
Other physical details ill. ;
Dimensions 28 cm.
500 ## - GENERAL NOTE
General note Includes index.
650 #0 - SUBJECT ADDED ENTRY--TOPICAL TERM
Topical term or geographic name entry element Organometallic compounds
General subdivision Problems, exercises, etc.
700 1# - ADDED ENTRY--PERSONAL NAME
Personal name Pinhas, Allan R.
907 ## - LOCAL DATA ELEMENT G, LDG (RLIN)
a .b10003563
b 07-05-12
c 17-04-03
942 ## - ADDED ENTRY ELEMENTS (KOHA)
Koha item type Ordinary Loan Books
Call number prefix QD411
Call number suffix KEG
Holdings
Date last seen Total Checkouts Full call number Barcode Cost, replacement price Price effective from Koha item type Lost status Source of classification or shelving scheme Damaged status Not for loan Collection Withdrawn status Home library Current library Shelving location Date acquired Cost, normal purchase price
01/23/2023   QD411 KEG 92003025178 80.00 01/23/2023 BOOKS   LCC     NFIC   MAIN MAIN GEN 01/23/2023 80.00